000 00585nam a22002172 4500
999 _c8885
_d8885
001 8885
003 BD - JhCC
005 20180627085543.0
008 840403s1959 enk 000 0 eng d
035 _a(BD - JhCC)8885
040 _aCSF
_cCSF
_dUKM
_dEQO
_dBD - JhCC
041 _aeng
082 0 4 _a428
_218
_bROB 1959
090 _aPE1065
_b.R624x
100 1 _aRobertson, Alexander Ritchie.
245 0 0 _aIntroduction to the Queen's English /
_bAlexander Ritchie Robertson
260 _a[London] :
_bLongmans,
_c[1959]
300 _axi, 308 p.
942 _2ddc
_cBK